000 00952nas a2200337 4500
001 BR2013005020
003 BR-BrBNA
005 20231205122538.0
007 ta
008 230509b bl.|||p| |||| 00| 00por d
040 _aBR-BrBNA
_bpor
_cBiblioteca Nacional de Agricultura
041 _a(Pt)
072 _aH20; F61
100 1 _aAquino, L.A. de
100 1 _aBerger, P.G.
100 1 _aRodrigues, F. de A.
100 1 _aZambolim, L.
100 1 _aOgoshi, F.
100 1 _aMiranda, L.M.
100 1 _aLélis, M.M.
245 1 _aControle alternativo da mancha de Ramularia do algodoeiro
650 _aALGODÃO
650 _aDOENÇA DE PLANTA
650 _aFUNGO
650 _aNUTRIÇÃO VEGETAL
650 _aSILICIO
650 _aFUNGICIDA
773 0 _tSumma Phytopathologica (Brazil)
_xISSN 0100-5405
_g(Apr-Jun 2008), v. 34(2) p. 131-136
_wBR2013005020
909 _a202311
_bLúcia
_c55
_dLúcia Elande
942 _2AGRIS
_n0
_cANA
999 _c229205
_d229205